| 000 | 01413nam a2200373 a 4500 | ||
|---|---|---|---|
| 999 |
_c45774 _d45774 |
||
| 003 | BLK | ||
| 005 | 20250210143123.0 | ||
| 008 | 180408b bul|||||r ||||||| ||bul|| | ||
| 010 | _aKNG00049573000 | ||
| 020 | _a954-448-013-7 | ||
| 040 | _aBLK | ||
| 041 |
_aBUL _cBUL |
||
| 080 |
_aАмериканска литература (на САЩ) _b821.111(73) _x-312.4 _z821.111(73)-312.4 |
||
| 100 | 1 |
_aЛъдлъм, Робърт _eпърви автор _9241671 |
|
| 139 |
_aЛъдлъм, Робърт _bЛ 93 |
||
| 245 | 1 | 0 |
_aПланът "Икар" _bКримин. роман : Ч. 1 - 2 _cРобърт Лъдлъм; прев. от англ. Петя Игнатова. _nЧ. 2 |
| 257 | _aUSA | ||
| 260 |
_aСофия _b Перо _c1993 - _fВраца : Полипринт |
||
| 300 |
_a335 с. _c20 см |
||
| 380 | _aX | ||
| 490 |
_aСова _v4 _9201892 |
||
| 500 | _aОриг. загл. The Icarus Agenda / Robert Ludlum. - Офс. изд. | ||
| 653 | _aтрилъри | ||
| 653 | _aромани | ||
| 700 | 1 |
_aИгнатова, Петя _eпрев. от англ. _9280471 |
|
| 760 | 1 |
_aЛъдлъм, Робърт _dПеро, 1993 _h335 с. _tЧ. 2 |
|
| 852 |
_aЦб 173250 _bЦб |
||
| 856 | 4 |
_qpdf _i0.00 _ldisable |
|
| 856 | 4 |
_qpdf _i0.00 _ldisable |
|
| 942 |
_cKNG _n0 _019 _s1 |
||
| 944 |
_aCR _c20.04.2005 _lЦветелина Шанова _k30531 |
||
| 944 |
_aED _c02.08.2011 _lф / |
||
| 999 | _d45774 | ||